Ancient Greek Political Thought and Its Impact on the Contemporary International Relations Studies

Študenti medzinárodných vzťahov potrebujú ovládať texty klasických autorov a ich obsah, aby si osvojili základné poznatky zo všeobecných dejín (hospodárskych a politických), diplomatických dejín, dejín medzinárodného práva, vojnových štúdií a kultúrnej antropológie. Diela Thúkydida, Platóna, Aristot...

Ausführliche Beschreibung

Gespeichert in:
Bibliographische Detailangaben
1. Verfasser: Ondriaš, Juraj, 1988-
Weitere Verfasser: Škvrnda, František, ml., 1987-
Format: Buchkapitel
Sprache:Englisch
Schlagworte:
Tags: Tag hinzufügen
Keine Tags, Fügen Sie das erste Tag hinzu!

MARC

LEADER 00000naa a2200000 4500
001 0280005
005 20240502083851.9
041 0 |a eng 
044 |a UA 
245 1 0 |a Ancient Greek Political Thought and Its Impact on the Contemporary International Relations Studies  |c Juraj Ondriaš, František Škvrnda ml. 
520 |a Študenti medzinárodných vzťahov potrebujú ovládať texty klasických autorov a ich obsah, aby si osvojili základné poznatky zo všeobecných dejín (hospodárskych a politických), diplomatických dejín, dejín medzinárodného práva, vojnových štúdií a kultúrnej antropológie. Diela Thúkydida, Platóna, Aristotela a ďalších historikov a politikov sú zdrojom mnohých nadčasových myšlienok a úvah, ktoré by sa dali prispôsobiť každému historickému obdobiu a jeho osobitostiam. 
610 2 0 |a vzťahy medzinárodné 
610 2 0 |a politika 
610 2 0 |a Grécko 
610 2 0 |a štúdium vysokoškolské 
610 2 0 |a starovek 
100 1 |a Ondriaš, Juraj, 1988- 
700 1 |a Škvrnda, František, ml., 1987-